|
|
|
|
| LEADER |
01314nam a2200289 a 4500 |
| 001 |
1632975 |
| 008 |
090614s1996 ilu 001 0 eng d |
| 010 |
|
|
|a 96003454
|
| 020 |
|
|
|a 0786303875
|
| 040 |
|
|
|a DLC
|c DLC
|d DLC
|
| 082 |
0 |
0 |
|a 650.1
|2 20
|
| 100 |
1 |
|
|a Bond, William J.
|
| 245 |
1 |
0 |
|a Managing your priorities from start to success /
|c William J. Bond.
|
| 260 |
|
|
|a Chicago :
|b Irwin Professional Pub.,
|c [c1996]
|
| 300 |
|
|
|a xvii, 123 p. ;
|c 21 cm.
|
| 490 |
|
|
|a The briefcase books series
|
| 504 |
|
|
|a Includes index.
|
| 541 |
1 |
|
|e 00007982
|
| 650 |
|
0 |
|a Strategic planning.
|
| 650 |
|
0 |
|a Time management.
|
| 650 |
|
0 |
|a Success in business
|
| 650 |
|
0 |
|a Success
|
| 852 |
4 |
|
|a Ayesha Abed Library
|j General Shelf.
|
| 999 |
|
|
|c 1577
|d 1577
|
| 952 |
|
|
|0 0
|1 0
|2 ddc
|4 0
|6 650_100000000000000_BON
|7 0
|9 1452
|a BRACUL
|b BRACUL
|c GEN
|d 2009-06-28
|g 0.00
|l 5
|m 46
|o 650.1 BON
|p 3010007982
|r 2025-07-11
|s 2024-10-01
|t 1
|w 2009-06-28
|y BK
|x No price found in the accession register.
|
| 952 |
|
|
|0 0
|1 0
|2 ddc
|4 0
|6 650_100000000000000_BON
|7 0
|9 17934
|a BRACUL
|b BRACUL
|c GEN
|d 2011-09-06
|l 7
|m 18
|o 650.1 BON
|p 3010007983
|r 2026-04-26
|s 2026-04-19
|t 2
|w 2011-09-06
|y BK
|
| 952 |
|
|
|0 0
|1 0
|2 ddc
|4 0
|6 650_100000000000000_BON
|7 0
|9 54553
|a SCL
|b SCL
|c GEN
|d 2015-06-28
|e Gift: The Asia Foundation
|l 6
|m 17
|o 650.1 BON
|p 3020002945
|r 2025-08-02
|s 2025-07-27
|t 3
|w 2015-06-28
|y BK
|